Quizzes
Events
Quiz Creation
Community
Videos
Private Events
Remove Ads
Sign In
Join for FREE
Feedback
Dark Mode
Quiz Categories
Sports
Geography
Music
Movies
Television
Just For Fun
Miscellaneous
History
Literature
Language
Science
Gaming
Entertainment
Religion
Holiday
For Kids
Quiz Lab
Recent
Popular Today
Quiz Kudos Today
Editor Picks
Curator Picks
Quizzes by...
Day
Popularity
Type
Ratings
Length
Year
Community
Subscriptions
Recent Discussions
Orange Saloon
Badges
Playlists
Quests
Create
Leaderboards
Showdown
Live 5
Trivia Bingo
Activity
Puzzle Library
Sporcle Events
Private Events
Virtual Trivia
Globe League
Become a Host
Pub Owners
SporcleCon
Opinionation
Our Games
Videos
Blog
Mobile Apps
Partnerships
Remove Ads and Go Orange
Feedback
Sports
Athletes
MLB
NBA
NHL
NFL
Soccer
Sports Teams
WWE
NCAA
Football
Premier League
Basketball
Baseball
Hockey
Golf
Tennis
Cricket
Rugby
Auto Racing
Olympics
World Cup
Sports
Athletes
MLB
NBA
NHL
NFL
Soccer
Sports Teams
WWE
NCAA
Football
Premier League
Basketball
Baseball
Hockey
Golf
Tennis
Cricket
Rugby
Auto Racing
Olympics
World Cup
Random Quiz
Search Sporcle
×
Quiz Lab
Quiz Lab
Sports
Olympics
Type in answers that appear in a list
Type in answers that appear in a list
Classic
Best Score? Go Orange.
Summer Olympic Events Ever Stats
Can you name the Summer Olympic Events Ever?
By
winston88
10m
44 Questions
159 Plays
159 Plays
159 Plays
Comments
Comments
Give Quiz Kudos
Give Quiz Kudos
-
- Ratings
hide this ad
Random Order
Randomize order of answers
Randomize order of answers
Replay
Link that replays current quiz
Next Quiz
Link to next quiz in quiz playlist
You Got
0%
They Got
Avg Score
57%
Avg Friend Score
Upgrade to see
Score Distribution
Jump to the score distribution portion of the page
Score
0/44
Timer
10:00
0
Plays Today
Event
% Correct
Swimming
94.3%
Football
87.4%
Tennis
87.4%
Basketball
84.3%
Diving
81.8%
Archery
81.1%
Cycling
79.9%
Gymnastics
79.9%
Equestrian
79.2%
Wrestling
79.2%
Shooting
78%
Badminton
77.4%
Field Hockey
77.4%
Athletics
76.1%
Baseball
76.1%
Boxing
76.1%
Judo
74.2%
Table Tennis
74.2%
Volleyball (indoor)
72.3%
Golf
71.1%
Rowing
69.8%
Fencing
68.6%
Event
% Correct
Handball
67.9%
Water Polo
67.3%
Canoeing/Kayaking
66.7%
Sailing
65.4%
Weightlifting
61.6%
Beach Volleyball
55.3%
Taekwondo
54.1%
Softball
52.8%
Synchronised Swimming
52.2%
Cricket
50.9%
Triathlon
47.2%
Polo
46.5%
Modern Pentathlon
30.8%
Tug-of-war
25.8%
Lacrosse
25.2%
Croquet
16.4%
Rugby Union
11.3%
Water Motor Sports
4.4%
Basque Pelota
3.1%
Rackets
1.9%
Roque
1.9%
Jeu de Paume
0.6%
Quiz Playlist
Details
Report
Send in Message
Add To Playlist
Classic:
Type in answers that appear in a list
Random Order:
Randomize order of answers
Last Updated: Feb 16, 2017
Quiz Scoreboard
CHALLENGE
Sign Up to Join the Scoreboard
Show All
Scores
Hide
Comments
May contain spoilers
Recently Published
Presidents Visiting Landmarks
by Hejman
History
7m
An Introduction to Baseball
by treessimontrees
Sports
5m
Movies - When Are They Set?
by FPL_Elf
Movies
5m
More to Explore
Quiz From the Vault
Featured Blog Post
Where Did the Easter Bunny Come From?
hide this ad
You Might Also Like...
Tags
Olympics Quiz
London 2012
Summer Olympics
Today's Top Quizzes in Sports
Browse Sports
hide this ad
Today's Top Quizzes in Olympics
Browse Olympics
Top Contributed Quizzes in Sports
1
Les meilleurs buteurs des matchs entre le PSG et l’OM
2
2022 World Cup Stars
3
FIFA Club World Cup Champions
4
Les entraîneurs de l'OM et du PSG au 21e siècle
5
Name the Premier League winners with different clubs
6
La finale Lions - Afrique du Sud 2021
7
5-to-1: UK Sports Teams
8
England Test cricketers to play under Nasser Hussain
9
Players with Multiple 50 Home Run Seasons
10
AFC Teams Reveal (Wrong Answers Minefield)
Explore More
Trending Topics
Crossword
Anime
Marvel
Harry Potter
Kpop
Disney
NBA
Pokémon
Song
NFL
Puzzle
Country
The Office
Soccer
WWE
hide this ad
More By:
winston88
Quiz
Plays
Rating
Category
Featured
Created
Harry Potter Chapters (clickable)
2,788
4.78
Literature
Apr 3, 2012
Harry Potter Maiden Names
587
4.57
Literature
Nov 7, 2010
Countries' Flags Not Containing Red
255
3.25
Geography
Apr 14, 2010
FIFA world cup countries ever
224
4.00
Sports
Mar 30, 2010
Summer Olympic Events Ever
159
Sports
Nov 26, 2011
Go to Creator's Profile
Score Distribution
Quiz Creator Spotlight
winston88
Follow
Send a Message
Quizzes Created
-
Created Quiz Play Count
-
More By This Creator
Popular Quizzes Today
1
Find the US States - No Outlines Minefield
2
Find the Countries of Europe - No Outlines Minefield
3
The Countries of the World
4
Find the US States
5
Popular People in 1961
6
US States
7
Risky Map Clicking: Biggest States A-Z
8
Movies - When Are They Set?
More Sports Quizzes
Heisman Winners - First Names
Published
Trending Quizzes
Risky Map Clicking: Least Populous States A-Z
1-10 Letter G Words
1-10 Letter F Words
Risky Map Clicking: Next State Alphabetically
Risky Map Clicking: Biggest States A-Z
Recently Updated
Leaping Animals
pecheneg
Reality TV Shows (A-Z)
bhenderson79
Rickey Henderson's Hall of Fame Teammates
pecheneg
Champions League XIs: Arsenal
pecheneg
Quick Pick: Celebrities in WWE's Hall of Fame
aduchscher
A-Z Keypad Blitz II
pecheneg
Multiple Oscar Actors
pecheneg
Mystery Phrase Blitz: Oscar 'Best Actors'
pecheneg
F. Scott Fitzgerald Novels
LTH
Pick 3 Villains
ddd62291
Trending Topics
NBA
Crossword
Marvel
Harry Potter
Kpop
Disney
Anime
NFL
Country
Soccer
WWE
Puzzle
Pokémon
Song
The Office
Your Account Isn't Verified!
In order to create a playlist on Sporcle, you need to verify the email address you used during registration. Go to your
Sporcle Settings
to finish the process.
Report this User
Report this user for behavior that violates our
Community Guidelines
.
Details:
Send Report
Go to the Sporcle.com Mobile Site →
Comments